Địa lý kinh tế thế giới ngày nay Giáo trình dùng cho giáo viên
Gorde:
| Egile nagusia: | |
|---|---|
| Beste egile batzuk: | , , |
| Formatua: | Liburua |
| Argitaratua: |
H.
Đại học và trung học chuyên nghiệp
1981
|
| Gaiak: | |
| Etiketak: |
Etiketa erantsi
Etiketarik gabe, Izan zaitez lehena erregistro honi etiketa jartzen!
|
| Thư viện lưu trữ: | Trung tâm Học liệu Lê Vũ Hùng, Trường Đại học Đồng Tháp |
|---|
| LEADER | 00823pam a22002298a 4500 | ||
|---|---|---|---|
| 001 | 00015817 | ||
| 005 | 20171026081022.0 | ||
| 008 | 110331s1981 ||||||Viesd | ||
| 041 | 0 | # | |a Vie |
| 082 | 1 | 4 | |a 330.91 |b Đ301L |
| 100 | 0 | # | |a M,K,Kozun, |
| 245 | 0 | 0 | |a Địa lý kinh tế thế giới ngày nay |b Giáo trình dùng cho giáo viên |c M,X,Kozun, V.V.pocsisepxki, M.B,vonjo, L,I,vaxilepxki |
| 260 | # | # | |a H. |b Đại học và trung học chuyên nghiệp |c 1981 |
| 300 | # | # | |a 407 tr. |c 21 cm. |
| 653 | # | # | |a Địa lý kinh tế |a Thế giới |
| 700 | 0 | # | |a L,I,Vaxilipxki |
| 700 | 0 | # | |a M,B,Vonfo |
| 700 | 0 | # | |a V,V,Pocsisepxki |
| 852 | # | # | |b Kho đọc |j KD.0001166 |
| 852 | # | # | |j KD.0001166 |
| 910 | |d 31/03/2011 | ||
| 980 | # | # | |a Trung tâm Học liệu Lê Vũ Hùng, Trường Đại học Đồng Tháp |